Gaming Quiz

Random Gaming or Mario Quiz
Score 0/90 Timer 12:00
0 Plays Today
Question Answer % Correct
Lethal Lava LandBully The Bullies
81.3%
Bob-Omb BattlefieldMario Wings to the Sky
75%
Bob-Omb BattlefieldFind the 8 Red Coins
75%
Bob-Omb BattlefieldFootrace with Koopa the Quick
75%
Hazy Maze CaveMetal Head Mario Can Move!
75%
Bob-Omb BattlefieldBehind Chain Chomp's Gate
68.8%
Cool, Cool MountainWall Kicks Will Work
68.8%
Big Boo's HauntBig Boo's Balcony
68.8%
Hazy Maze CaveSwimming Beast in the Cavern
68.8%
Bob-Omb BattlefieldBig Bob-Omb on the Summit
64.7%
Jolly Roger BayCan the Eel Come Out to Play?
64.7%
Cool, Cool MountainSlip Slidin' Away
64.7%
Cool, Cool MountainLi'l Penguin Lost
64.7%
Bob-Omb BattlefieldShoot to the Island in the Sky
62.5%
Cool, Cool MountainBig Penguin Race
62.5%
Big Boo's HauntGo on a Ghost Hunt
62.5%
Hazy Maze CaveA-Maze-Ing Emergency Exit
62.5%
Dire, Dire DocksBoard Bowser's Sub
62.5%
Dire, Dire DocksPole-Jumping For Red Coins
62.5%
Dire, Dire DocksThrough The Jet Stream
62.5%
Snowman's LandInto The Igloo
62.5%
Rainbow RideTricky Triangles
62.5%
Jolly Roger BayThrough the Jet Stream
58.8%
Whomp's FortressTo the Top of the Fortress
58.8%
Whomp's FortressBlast Away the Wall
58.8%
Cool, Cool MountainSnowman's Lost His Head
56.3%
Lethal Lava LandBoil the Big Bully
56.3%
Shifting Sand LandStand Tall On the Four Pillars
56.3%
Jolly Roger BayRed Coins on the Ship Afloat
52.9%
Whomp's FortressChip Off Whomp's Block
52.9%
Question Answer % Correct
Whomp's FortressShoot Into the Wild Blue
52.9%
Big Boo's HauntSeek the 8 Red Coins
50%
Big Boo's HauntEye to Eye in the Secret Room
50%
Hazy Maze CaveElevate For 8 Red Coins
50%
Lethal Lava Land8-Coin Puzzle With 15 Pieces
50%
Lethal Lava LandRed-Hot Log Rolling
50%
Lethal Lava LandHot-Foot-It Into The Volcano
50%
Shifting Sand LandIn the Talons of the Big Bird
50%
Wet-Dry WorldExpress Elevator--Hurry Up!
50%
Rainbow RideThe Big House in the Sky
50%
Big Boo's HauntSecret of the Haunted Books
43.8%
Hazy Maze CaveNavigating The Toxic Maze
43.8%
Dire, Dire DocksThe Manta Ray's Reward
43.8%
Wet-Dry WorldQuick Race Through Downtown!
43.8%
Tiny-Huge IslandRematch with Koopa the Quick
43.8%
Tiny-Huge IslandWiggler's Red Coins
43.8%
Tick Tock ClockStomp On the Thwomp
43.8%
Tick Tock ClockStop Time For Red Coins
43.8%
Rainbow RideSomewhere Over the Rainbow
43.8%
Jolly Roger BayBlast to the Stone Pillar
41.2%
Hazy Maze CaveWatch For Rolling Rocks
37.5%
Shifting Sand LandPyramid Puzzle
37.5%
Dire, Dire DocksChests In The Current
37.5%
Snowman's LandSnowman's Big Head
37.5%
Wet-Dry WorldShocking Arrow Lifts
37.5%
Wet-Dry WorldTop O' the Town
37.5%
Wet-Dry WorldSecrets in the Shallows and Sky
37.5%
Wet-Dry WorldGo to Town for Red Coins
37.5%
Tall, Tall MountainMysterious Mountainside
37.5%
Tiny-Huge IslandFive Itty Bitty Secrets
37.5%
Question Answer % Correct
Tick Tock ClockRoll into the Cage
37.5%
Tick Tock ClockThe Pit and the Pendulums
37.5%
Tick Tock ClockGet a Hand
37.5%
Rainbow RideCruiser Crossing the Rainbow
37.5%
Rainbow RideCoins Amassed in a Maze
37.5%
Rainbow RideSwingin' in the Breeze
37.5%
Whomp's FortressFall Onto the Caged Island
35.3%
Jolly Roger BayPlunder in the Sunken Ship
35.3%
Big Boo's HauntRide Big Boo's Merry-Go-Round
31.3%
Lethal Lava LandElevator Tour In The Volcano
31.3%
Shifting Sand LandInside the Ancient Pyramid
31.3%
Tall, Tall MountainScary 'Shrooms, Red Coins
31.3%
Tall, Tall MountainBlast to the Lonely Mushroom
31.3%
Tiny-Huge IslandThe Tip Top of the Huge Island
31.3%
Tick Tock ClockTimed Jumps on Moving Bars
31.3%
Cool, Cool MountainFrosty Slide For 8 Red Coins
25%
Shifting Sand LandShining Atop the Pyramid
25%
Shifting Sand LandFree Flying For 8 Red Coins
25%
Snowman's LandChill With the Bully
25%
Snowman's LandIn the Deep Freeze
25%
Snowman's LandShell Shredding For Red Coins
25%
Tall, Tall MountainScale the Mountain
25%
Tall, Tall MountainMystery of the Monkey Cage
25%
Tiny-Huge IslandMake Wiggler Squirm
25%
Whomp's FortressRed Coins on the Floating Isle
23.5%
Jolly Roger BayTreasure in the Ocean Cave
23.5%
Snowman's LandWhirl From the Freezing Pond
18.8%
Tall, Tall MountainBreathtaking View from Bridge
18.8%
Tiny-Huge IslandPluck the Pirhana Flower
6.3%
Dire, Dire DocksCollect the Caps…
0%

You're not logged in!

Compare scores with friends on all Sporcle quizzes.
OR
Log In

Sporcle TV

Today on Sporcle TV


Watch our educational content, quiz creation guides, and fun videos on Sporcle TV.

Show Comments

Extras

Created Jan 1, 2013ReportNominate
Tags:Mario Quiz, Power, star

Top Quizzes Today


Score Distribution

Paid Content

Your Account Isn't Verified!

In order to create a playlist on Sporcle, you need to verify the email address you used during registration. Go to your Sporcle Settings to finish the process.

Report this User

Report this user for behavior that violates our Community Guidelines.

Details: